Capitals of Australia/Oceania - Statistics

General Stats
  • This quiz has been taken 6 times
  • The average score is 12 of 14
Answer Stats
Hint Answer % Correct
Samoa Apia
100%
Australia Canberra
100%
Tuvalu Funafuti
100%
Papua New Guinea Port Moresby
100%
Vanuatu Port Vila
100%
Fiji Suva
100%
New Zealand Wellington
100%
Solomon Islands Honiara
83%
Tonga Nuku'alofa
83%
Kiribati South Tarawa
83%
Marshall Islands Majuro
67%
Palau Ngerulmud
67%
Micronesia Palikir
67%
Nauru Yaren
67%
No matching quizzes found
Score Distribution
Percent of People with Each Score
Percentile by Number Answered
Your Score History
You have not taken this quiz